000 00553nam a2200181Ia 4500
999 _c34627
_d34627
003 OSt
005 20200917093757.0
008 190216s9999||||xx |||||||||||||| ||und||
020 _a9788121914598
040 _coclc
082 _a621.3827
_bSAR/O
100 _aSarkar, Subir Kumar
_94646
245 0 _aOptical Fibres and Fibre Optic Communication Systems /
_cSubir Kumar Sarkar
260 _bS Chand & Company,
_aNew Delhi:
_c2014.
300 _a388p
650 _aPhysics
942 _cBK
_2ddc
_h621.3827
_iSAR/O
_k621.3827
_mSAR/O